D'economia catalana i mundial : textos en català (1926-1986) / Romà Perpinyà i Grau ; edició a cura d'Alfons Almendros textos en català (1926-1986) / Romà Perpinyà i Grau ; edició a cura d'Alfons Almendros
Descripción Física:
235 p. ; 20 cm
Colección:
Clàssics del pensament econòmic català ; 4
Otros Autores:
Almendros, Alfons
MARC
| LEADER | 00000nam a2200000Ia 4500 | ||
|---|---|---|---|
| 001 | 8787 | ||
| 008 | 160829s1989 xx 000 0 cat d | ||
| 080 | |a M-2-129 | ||
| 100 | |a Perpinyà i Grau, Romà |9 32576 | ||
| 245 | |a D'economia catalana i mundial : |b textos en català (1926-1986) / Romà Perpinyà i Grau ; edició a cura d'Alfons Almendros | ||
| 260 | |a Barcelona : |b Alta Fulla : |b Diputació de Barcelona, |c 1989 | ||
| 300 | |a 235 p. ; |c 20 cm | ||
| 490 | |a Clàssics del pensament econòmic català ; 4 | ||
| 650 | |a Economia |x Història |x S. XX |9 32577 | ||
| 650 | |a Economia |x Catalunya |x S. XX |9 32578 | ||
| 700 | 1 | |a Almendros, Alfons |9 32579 | |
| 901 | |a Arxiu | ||
| 942 | |n 1 | ||
| 952 | |0 0 |1 0 |4 0 |6 M2129 |7 1 |9 46038 |a Arxiu |b Arxiu |d 2016-12-01 |l 0 |o M-2-129 |p 8787 |r 2016-12-01 00:00:00 |w 2016-12-01 |y ARXIU | ||
| 999 | |c 49539 |d 49539 | ||